000 00376nam a2200181Ia 4500
003 IT-RoPAU
008 120407s9999 xx 000 0 und d
040 _aIT-RoPAU
040 _cIT-RoPAU
100 _aGuido Genero
245 _aCelebrare la settimana santa
250 _aPadova
260 _aMessaggero
300 _c cm
490 _v1
942 _cBK
999 _c8336
_d8336